Responses for Show #8364 - Thursday, March 25, 2021

Champion's winnings & consolation amounts matched to HealthCorps.

Contestants

[<< previous game]

Lisa O'Brien, a stay-at-home mom and community volunteer from Edina, Minnesota

Doug Small, a restaurant manager from Ypsilanti, Michigan

Amal Dorai, a product manager originally from Lexington, Massachusetts (whose 2-day cash winnings total $43,200)

[next game >>]

Jeopardy! Round responses

ICONS OF TECHNOLOGY
THE PLAY'S THE THING
STATE PARKS
CELEBRITY SIBLING SURNAMES
IN A TEACUP
GOOD "BI"
(Mehmet: These responses start with the letters "B-I".)
    $200 1
a power switch

Amal
    $200 17
Waiting for Godot

Doug
    $200 20
the Keys

Lisa
    $200 7
Hudson

Lisa
    $200 10
hibiscus

Doug
    $200 3
the Bible

Doug
    $400 2
the Federal Communications Commission

Lisa
    $400 18
Death of a Salesman

Amal
    $400 21
(Mehmet: All the surviving Colonials were murdered and massacred.)

Benedict Arnold

Lisa
    $400 16
Hough

Doug
    $400 11
a tempest

Lisa
    $400 4
a bison

Amal
    $600 6
(Amal: What is forward?)

sharing

AmalDoug
    $600 28
(Henrik) Ibsen

Amal
    $1,000 22
Mobile Bay

Lisa
    $600 25
Fiennes

Lisa
    $600 12
a Yorkshire Terrier

Amal
    $600 5
bias

Triple Stumper
    $800 15
Wi-Fi

Lisa
    $800 29
The Iceman Cometh

Lisa
    $800 23
redwoods

Lisa
    $800 26
Busch

Doug
    $800 13
(Lisa: What is bourbon?)

whiskey

DougLisa
    $800 8
a biome

Lisa
    $1000 19
settings

Lisa
    $1000 30
The Cherry Orchard

Lisa
    $1000 24
(Lisa: What is the Montreaux Jazz Festival?)

the Newport Jazz Festival

Lisa
Triple Stumper
    $1000 27
(Mehmet: [*] Phillips.)

Wilson

Lisa
    $1000 14
a finch

Triple Stumper
    $1000 9
bifurcate

Lisa

Scores at the first commercial break (after clue 15):

Amal Doug Lisa
$600 $1,800 $2,800

Scores at the end of the Jeopardy! Round:

Amal Doug Lisa
$1,600 $3,200 $8,600

Double Jeopardy! Round responses

BORN DURING THE CIVIL WAR
GODS & GODDESSES
TV LOCALES
PUBLIC TRANSPORTATION
MY CHEMICAL ROMANCE
VOCABULARY
    $400 27
Wrigley

Amal
    $400 19
a trident

Doug
    $400 6
Los Angeles

Triple Stumper
    $400 16
the tube

Amal
    $400 30
honeybees

Doug
    $400 1
coddle

Doug
    $800 26
"Casey at the Bat"

Doug
    $800 20
(Madame) Pele

Triple Stumper
    $800 7
New Mexico

Doug
    $800 12
the Colorado River

Triple Stumper
    $800 29
locusts

Lisa
    $800 2
loins

Amal
    $1200 18
the Elephant Man

Lisa
    $1200 21
snake

Triple Stumper
    $1200 8
Colombia

Doug
    $1200 13
MARTA

Triple Stumper
    $1200 28
sweat

Amal
    $2,400 3
an au pair

Amal
    $4,000 23
Theodore Roosevelt

Doug
    $1600 17
Ishtar

Triple Stumper
    $1600 9
Twin Peaks

Amal
    $1600 14
Vancouver Island

Amal
    $1600 11
antennae

Triple Stumper
    $1600 4
a sumo wrestler

Doug
    $2000 24
(Frederic) Remington

Lisa
    $2000 22
(Lisa: Who is Ra?)

Anubis

DougLisa
    $2000 25
Quantico

Doug
    $2000 15
the East River

Lisa
    $2000 10
(Amal: What is a moray eel?)
(Doug: What is the Asian carp?)

a lamprey

AmalDoug
Triple Stumper
    $2000 5
cacciatore

Lisa

Scores at the end of the Double Jeopardy! Round:

Amal Doug Lisa
$8,000 $14,800 $14,600

[wagering suggestions for these scores]

Final Jeopardy! Round responses

LITERARY INSPIRATIONS
(Mehmet: [To Amal] It's an interesting story, actually, because he thought that electricity was the source of all life; Volta proved him wrong, but the legend persisted.)
AmalWhat is Frankenstein?
$7,999
LisaWhat is Frankenstein?
$1,500
DougWhat is the Strange Case of Dr Jekyll + Mr. Hyd
$14,601
Frankenstein

Final scores:

Amal Doug Lisa
$15,999 $199 $16,100
2nd place: $2,000 3rd place: $1,000 New champion: $16,100

Game dynamics:

Coryat scores:

Amal Doug Lisa
$6,800 $12,400 $14,200
12 R
(including 1 DD),
2 W
17 R
(including 1 DD),
1 W
20 R
(including 1 DD),
3 W

Combined Coryat: $33,400

[game clues] [game scores] [suggest correction]

Game tape date: 2021-02-01
The J! Archive is created by fans, for fans. Scraping, republication, monetization, and malicious use prohibited; this site may use cookies and collect identifying information. See terms. The Jeopardy! game show and all elements thereof, including but not limited to copyright and trademark thereto, are the property of Jeopardy Productions, Inc. and are protected under law. This website is not affiliated with, sponsored by, or operated by Jeopardy Productions, Inc. Join the discussion at JBoard.tv.